Electrical installation and workshop technology; Vol.2

This book provides a comprehensive introduction to the practical aspects of electrical installation work. It explains all the basic practices that electricians require in workshop and onsite situations

Salvato in:
Dettagli Bibliografici
Autore principale: F G Thompson
Natura: Libro
Lingua:Undetermined
Pubblicazione: London Longman 1992
Soggetti:
Tags: Aggiungi Tag
Nessun Tag, puoi essere il primo ad aggiungerne! !
Thư viện lưu trữ: Trung tâm Học liệu Trường Đại học Cần Thơ
LEADER 00751nam a2200205Ia 4500
001 CTU_22812
008 210402s9999 xx 000 0 und d
020 |b 62.5df 
082 |a 621.3 
082 |b T471/T2 
100 |a F G Thompson 
245 0 |a Electrical installation and workshop technology; Vol.2 
245 0 |c F G Thompson, H E McDonnell 
260 |a London 
260 |b Longman 
260 |c 1992 
520 |a This book provides a comprehensive introduction to the practical aspects of electrical installation work. It explains all the basic practices that electricians require in workshop and onsite situations 
650 |a electrical engineering 
904 |i Minh, 980623 
980 |a Trung tâm Học liệu Trường Đại học Cần Thơ